| 000 | 00000nam##2200000za#4500 |
| 001 | 9.574120 |
| 003 | CaOODSP |
| 005 | 20210624184029 |
| 007 | cr ||||||||||| |
| 008 | 150406|2004||||xxc|||||o f|0| 0 eng|d |
| 022 | |a1488-5379 |
| 040 | |aCaOODSP|beng |
| 043 | |an-cn--- |
| 086 | 1 |aFs97-6/2538E-PDF |
| 110 | 1 |aCanada. |bDepartment of Fisheries and Oceans. |
| 245 | 10|aMicrobial pollution : |h[electronic resource]|ba key factor to consider in the management of municipal wastewater effluents from the "smallest" of sewage outfalls / |cby J.F. Payne ... [et al.]. |
| 260 | |aSt. John's - Newfoundland and Labrador : |bFisheries and Oceans Canada |cc2004. |
| 300 | |a30p.|bmaps, references, tables |
| 490 | 1 |aCanadian technical report of fisheries and aquatic sciences|x1488-5379|vNo. 2538 |
| 500 | |aThe catalogue number (Fs97-6/2538E) and ISSN (0706-6457) for the print edition have been incorrectly copied in this electronic publication. |
| 546 | |a(Résumé en français) |
| 590 | |a12-23-Supp|b2012-05-28 |
| 720 | 1 |aPayne, J. F. |
| 776 | 0#|tMicrobial pollution : |w(CaOODSP)9.616943 |
| 830 | #0|aCanadian technical report of fisheries and aquatic sciences,|x1488-5379|vNo. 2538|w(CaOODSP)9.504449 |
| 856 | 40|ahttp://publications.gc.ca|qPDF|s1.67 MB|uhttps://publications.gc.ca/collections/collection_2012/mpo-dfo/Fs97-6-2538-eng.pdf|yNo. 2538 |